Las francesas no engordan / (Record no. 16543)

MARC details
000 -LEADER
fixed length control field 01497cam a2200457 a 4500
001 - CONTROL NUMBER
control field sjds298461
003 - CONTROL NUMBER IDENTIFIER
control field sjds
005 - DATE AND TIME OF LATEST TRANSACTION
control field 20170222161747.0
008 - FIXED-LENGTH DATA ELEMENTS--GENERAL INFORMATION
fixed length control field 050805s2005 nyu 001 0 spa
010 ## - LIBRARY OF CONGRESS CONTROL NUMBER
LC control number 2005053158
020 ## - INTERNATIONAL STANDARD BOOK NUMBER
International Standard Book Number 0307275620 (pbk.)
020 ## - INTERNATIONAL STANDARD BOOK NUMBER
International Standard Book Number 9780307275622 (pbk.)
035 ## - SYSTEM CONTROL NUMBER
System control number (OCoLC)61247460
040 ## - CATALOGING SOURCE
Original cataloging agency DLC
Transcribing agency DLC
Modifying agency BAKER
-- LNQ
-- UtOrBLW
041 1# - LANGUAGE CODE
Language code of text/sound track or separate title spa
Language code of original eng
049 ## - LOCAL HOLDINGS (OCLC)
Holding library IFAA
099 ## - LOCAL FREE-TEXT CALL NUMBER (OCLC)
Classification number ESPANOL 613.25 GUILIANO
999 ## - SYSTEM CONTROL NUMBERS (KOHA)
Koha Dewey Subclass [OBSOLETE] ESPANOL 613.25 GUILIANO
100 1# - MAIN ENTRY--PERSONAL NAME
Personal name Guiliano, Mireille,
Dates associated with a name 1946-
Relator term author.
240 10 - UNIFORM TITLE
Uniform title <a href="French women don't get fat.">French women don't get fat.</a>
Language of a work Spanish
245 14 - TITLE STATEMENT
Title Las francesas no engordan /
Statement of responsibility, etc. Mireille Guiliano.
246 18 - VARYING FORM OF TITLE
Title proper/short title Francesas no engordan :
Remainder of title el secreto de comer por placer
260 ## - PUBLICATION, DISTRIBUTION, ETC. (IMPRINT)
Place of publication, distribution, etc. New York :
Name of publisher, distributor, etc. Vintage Books,
Date of publication, distribution, etc. 2005.
264 #1 - PRODUCTION, PUBLICATION, DISTRIBUTION, MANUFACTURE, AND COPYRIGHT NOTICE
Place of production, publication, distribution, manufacture New York :
Name of producer, publisher, distributor, manufacturer Vintage Books,
Date of production, publication, distribution, manufacture, or copyright notice 2005.
300 ## - PHYSICAL DESCRIPTION
Extent xi, 285 pages :
Other physical details illustrations ;
Dimensions 21 cm.
336 ## - CONTENT TYPE
Content type term text
Content type code txt
Source rdacontent
337 ## - MEDIA TYPE
Media type term unmediated
Media type code n
Source rdamedia
338 ## - CARRIER TYPE
Carrier type term volume
Carrier type code nc
Source rdacarrier
490 1# - SERIES STATEMENT
Series statement Vintage español
500 ## - GENERAL NOTE
General note Includes index.
650 #0 - SUBJECT ADDED ENTRY--TOPICAL TERM
Topical term or geographic name as entry element Reducing diets.
650 #0 - SUBJECT ADDED ENTRY--TOPICAL TERM
Topical term or geographic name as entry element Women
General subdivision Health and hygiene
Geographic subdivision France.
650 #0 - SUBJECT ADDED ENTRY--TOPICAL TERM
Topical term or geographic name as entry element Food habits
Geographic subdivision France.
650 #0 - SUBJECT ADDED ENTRY--TOPICAL TERM
Topical term or geographic name as entry element Food
General subdivision Psychological aspects.
650 #7 - SUBJECT ADDED ENTRY--TOPICAL TERM
Topical term or geographic name as entry element Dietas para adelgazar.
Source of heading or term bidex
650 #7 - SUBJECT ADDED ENTRY--TOPICAL TERM
Topical term or geographic name as entry element Mujeres
General subdivision Salud e higiene
Geographic subdivision Francia.
Source of heading or term bidex
650 #7 - SUBJECT ADDED ENTRY--TOPICAL TERM
Topical term or geographic name as entry element Hábitos alimenticios
Geographic subdivision Francia.
Source of heading or term bidex
650 #7 - SUBJECT ADDED ENTRY--TOPICAL TERM
Topical term or geographic name as entry element Alimentos
General subdivision Aspectos psicológicos.
Source of heading or term bidex
830 #0 - SERIES ADDED ENTRY--UNIFORM TITLE
Uniform title Vintage español.
942 ## - ADDED ENTRY ELEMENTS (KOHA)
Koha item type Libro/Book
Holdings
Withdrawn status Lost status Source of classification or shelving scheme Damaged status Not for loan Home library Current library Shelving location Date acquired Total Checkouts Full call number Barcode Date last seen Price effective from Koha item type
    Dewey Decimal Classification     San Juan Del Sur -- Biblioteca San Juan Del Sur -- Biblioteca General Stacks 22/02/2017   S Gui 30024286 22/02/2017 22/02/2017 Libro/Book

Powered by Koha